000 00704cab a2200277 4500
001 WB3348-40
008 090401t1997 xxu||||| |||| 00| 0 eng d
035 _a(Sirsi) u82616
041 _aeng
245 _aChina
260 _c1997
350 _a0
490 _aFinancial Times
_v8 December 1997 (8) LOAN
520 _aSurvey on China. Covers the economy, trade and investment, politics, privatisation and capital markets.
650 _aASIA
650 _aCHINA
650 _aCHONGOING
650 _aFAR EAST
650 _aGUANGDONG
650 _aHONG KONG
650 _aSHANGHAI
650 _aSHENYANG
690 _aOVERSEAS-REST OF THE WORLD
942 _n0
948 _c10/12/1997
999 _c52186
_d52186